000 00550nam a22001577a 4500
003 NUST
038 _aNusrat Nadeem
082 _a200
100 _aKhan, Muhammad Nauman
_9130582
245 _aExploring Students' Mathematical Digital Competence in Game-Based Learning/
_cMuhammad Nauman Khan,
264 _aIslamabad:
_bSEECS NUST.
_c2025.
650 _aMS- Innovative Technologies in Education
_927351
700 _aSupervisor: Dr. Tahira Anwar Lashari
_996746
856 _uhttp://10.250.8.41:8080/xmlui/handle/123456789/54758
942 _2ddc
_cSC
999 _c614774
_d614774